000 00990nam a2200265Ia 4500
003 OSt
005 20221005103841.0
006 a|||||r|||| 00| 0
007 ta
008 221004b |||||||| |||| 00| 0 san d
020 _a9788178541525 (hbk)
_c500
024 _a170
037 _b427, 11/03/2013, Eastern Book Linkers
_cTextual
040 _aCRL
_cCRL
_bsan
041 _2san
_asan
082 _aDelta:864, 152P9
100 _aशर्मा, राजेश
245 0 _aजन्मकुंडली एवं सूर्य
246 _aJanmakuanḍalī evan sūrya
260 _aदिल्ली
_bईस्टर्न बुक लिकंर्स भारत
_c2009
300 _a208पृ0
_ccm.
650 _aआध्यात्मिक अनुभव और रहस्यवाद
942 _hDelta:864, 152P9
_cTEXL
_2cc
999 _c1011087
_d1011087